000 01237nam a2200325 i 4500
003 DO-SdBNP
005 20240425105317.0
007 ta
008 230706b2012 dr a | 00| 0 spa d
020 _a9789945415377
040 _aDO-SdBNP
_bspa
_cBPMSU
_erda
082 4 _aRD863.08
_bV986i 2010
_222
245 0 3 _aEl vuelo de la imaginación :
_bcuentos de niños y niñas dominicanos /
_cedición y prólogo, Liliana Montenegro
264 _aSantiago de los Caballeros, República Dominicana :
_bPUCMM,
_c2012.
300 _a141 páginas :
_bilustraciones ;
_c21 cm.
336 _2rdacontent
_atexto
_btxt
337 _2rdamedia
_asin mediación
_bn
338 _2rdacarrier
_avolumen
_bnc
490 0 _aContemporáneos
590 _aInventariado, 2024/VM
650 4 _aCuentos infantiles dominicanos
_vColecciones
650 4 _aCuentos infantiles dominicanos
_vConcursos
650 4 _aLiteratura infantil dominicana
650 4 _aLiteratura infantil
_xEnseñanza
650 z _aDominican children’s stories
_vCollections
700 1 _aMontenegro, Liliana,
_eedición y prólogo
710 2 _aPontificia Universidad Católica Madre y Maestra (República Dominicana)
910 _aVMateo V. Control de Calidad. BPMSU
942 _2lcc
_cBK
999 _c14636
_d14636